000 00533cab a22001935a 4500
001 L150796
008 100906s2010 xxk f s 000 0 eng d
035 _a(Sirsi) u150796
041 0 _aeng
100 1 _aBlunden, Kevin
245 0 0 _aPart L 2010 explained
260 _c2010
490 0 _aBuilding Engineer
_v85(9) September 2010, 26(1)
520 _aOverview of Part L of the Building Regulations; major changes.
590 _aKA
651 4 _aEngland and Wales
_y1543-
690 _aBuilding regulations
_96224
942 _n0
999 _c82644
_d82644